| 000 | 01115nam a2200253Ia 4500 | ||
|---|---|---|---|
| 003 | OSt | ||
| 005 | 20210408095522.0 | ||
| 008 | 210310s1992 ck gr u000 0 spa d | ||
| 040 |
_aCO-JMCR _cCO-JMCR |
||
| 041 | 0 | _aspa | |
| 082 | 0 | 4 |
_a657.3 / _bC718a _223 |
| 110 | 2 |
_aColombia. _bMinisterio de hacienda y crédito publico _97620 |
|
| 245 | 1 | 0 |
_aAjustes por inflación / _cMinisterio de Hacienda y Crédito Público, Dirección de Impuestos Nacionales ; autores, Consuelo Caldas Cano, Emilio Ruiz Jiménez |
| 260 |
_aBogotá : _bDirección de Impuestos Nacionales, _c1992. |
||
| 300 |
_b148 páginas ; _c28 cm. |
||
| 505 | _aAspectos generales de los ajustes por inflación. -- Procedimiento de ajuste de las diferentes partidas que conforman los estados financieros. | ||
| 610 | 1 |
_aMinisterio de Hacienda y Crédito Público. _936696 |
|
| 650 | 2 | 4 |
_aAjustes por inflación. _925542 |
| 650 | 2 | 4 |
_aInflación. _94900 |
| 700 | 1 |
_aCaldas Cano, Consuelo, _ecoautor _936697 |
|
| 700 | 1 |
_aRuiz Jiménez, Emilio, _ecoautor _936698 |
|
| 710 | 1 |
_aDirección de Impuestos Nacionales _eautor _936699 |
|
| 942 |
_2ddc _cBK |
||
| 999 |
_c11446 _d11446 |
||